000
00365nam a2200157 a 4500
005
20140414093835.0
008
030611s19uu xx 00 eng d
050
_a
CD 780
_b
Son 1996
100
_a
Sony Music Special Production
245
_a
Jazz.
250
_a
8th edition
500
_a
(2 CD's inside)
650
_a
Jazz.
942
_c
AVM
999
_c
108971
_d
108971